000 00842nam a2200241Ii 4500
003 JO-AjNU
005 20240710113233.0
008 230605s9999||||xx |||||||||||||| ||und||
017 _a87/7720
020 _a977-103-374-3
040 _aJO-AjNU
_bara
_erda
_cJO-AjNU
041 _aara
050 1 4 _aKRM37545.H3.1990
100 3 _aهرجة، مصطفى مجدي ,
_eauthor
_917150
245 0 0 _aأوامر الأداء
264 3 1 _aالاسكندرية : دار المطبوعات الجديدة، 1990
300 _a226ص
_bيشتمل على مراجع ببلوغرافية ص (216-218)
336 _atext
_btxt
_2rdacontent
337 _aunmediated
_bn
_2rdamedia
338 _avolume
_bnc
_2rdacarrier
650 4 _aالديون (فقه إسلامي) -- الديون -- قوانين وتشريعات -- مصر
_917151
942 _2lcc
_cBK
999 _c8804
_d8804